El batallón de San Blas /
Esta es una historia del batallón de San Blás, famoso por el combate en el cerro de Chapultepec, el 13 de septiembre de 1847, en el que todos sus miembros perdieron la vida frente al ejército norteamericano.
Guardado en:
| Autor principal: | |
|---|---|
| Formato: | Libro |
| Idioma: | Español |
| Publicado: |
México :
Editorial Militar Mexicana,
1964, c1964
|
| Colección: | (Documentos Históricos Militares ;
3) |
| Temas: | |
| Etiquetas: |
Sin etiquetas, Sé el primero en etiquetar este registro!
|
MARC
| LEADER | 00000nam^a2200000^a^4500 | ||
|---|---|---|---|
| 001 | 000129207 | ||
| 005 | 20250521000000.0 | ||
| 009 | 20260310094905.553 | ||
| 037 | |a Acervo ITESO - Biblioteca | ||
| 041 | |a ESP | ||
| 082 | |a 972. 0441 |b SAN | ||
| 100 | |a Sánchez Lamego, Miguel A. |e (autor) | ||
| 245 | 1 | 3 | |a El batallón de San Blas / |c M.A. Sánchez Lamego ; introd. de J. Hefter. |
| 264 | 4 | |a México : |b Editorial Militar Mexicana, |c 1964, c1964 | |
| 300 | |a 56 p. | ||
| 336 | |a texto |b txt |2 rdacontenido | ||
| 337 | |a sin mediación |b n |2 rdamedio | ||
| 338 | |a volumen |b nc |2 rdasoporte | ||
| 440 | 1 | |a (Documentos Históricos Militares ; |v 3) | |
| 520 | |a Esta es una historia del batallón de San Blás, famoso por el combate en el cerro de Chapultepec, el 13 de septiembre de 1847, en el que todos sus miembros perdieron la vida frente al ejército norteamericano. | ||
| 546 | |a Edición bilingüe español-inglés | ||
| 649 | |a XX | ||
| 650 | |a Militares Mexicanos | ||
| 650 | |a Historia | ||
| 650 | |a México - |x Historia - |y Batalla de Chapultepec, 1847 | ||
| 650 | |a México - |x Historia - |y Invasión Norteamericana, 1846-1848 | ||
| 650 | |a México - |x Historia - |y Federalismo y Centralismo, 1824-1853 | ||
| 650 | |a México - |x Historia - |y Siglo XIX | ||
| 910 | |a Fondo Salvador Reynoso Reynoso | ||
| 920 | |a Impresos - Libros | ||
| 930 | |a Fondos Especiales | ||
| 905 | |a 112 | ||
| 901 | |a 0800010868 |b IT2 |c ESP |u 20250521 | ||
| 902 | |a https://opac.biblio.iteso.mx/vufind/Record/000129207 | ||